Atletico Madrid - Les joueurs à plus de 100 matchs - Statistiques

Statistiques générales
  • Ce quiz a été pris 273 fois
  • Le résultat moyen est 18 sur 42
Statistiques - réponses
P Joueurs Matchs % Correct
A Antoine Griezmann 341
99%
G Jan Oblak 392
99%
M Koke 587
93%
D Diego Godin 389
89%
M Saul Niguez 377
79%
D José Maria Gimenez 285
78%
A Fernando Torres 390
77%
A Alvaro Morata 106
75%
M Gabi 417
67%
G Thibaut Courtois 154
67%
M Thomas Lemar 175
67%
D Juanfran 355
66%
D Filipe Luis 333
65%
M Marcos Llorente 150
61%
A Diego Costa 215
60%
M Angel Correa 372
58%
M Yannick Carrasco 266
54%
D Stefan Savic 261
51%
M Mario Suarez 186
47%
A Sergio Agüero 234
47%
D Mario Hermoso 134
46%
A Joao Felix 131
42%
A Diego Forlan 196
41%
D Lucas Hernandez 110
39%
D Miranda 178
38%
D Renan Lodi 118
34%
M Tiago Mendes 228
31%
A Arda Turan 178
30%
M Thomas Partey 188
27%
D Sime Vrsaljko 100
26%
D Felipe 113
25%
M Raul Garcia 329
17%
M Vitolo 101
13%
A Adrian Lopez 142
12%
D Antonio Lopez 278
9%
M José Antonio Reyes 154
3%
D Alvaro Dominguez 120
2%
D Luis Perea 314
2%
M Simao 168
2%
D Tomas Ujfalusi 133
2%
D Juan Valera 100
1%
M Paulo Assuncao 147
1%
Aucun quiz correspondant
Distribution des résultats
% des personnes avec chaque résultat
Percentile par nombre de réponses
Votre historique - résultats
Vous n’avez pas pris ce quiz